[Event "Chip2004 Open Fide"]
[Site "?"]
[Date "????.??.??"]
[Round "2"]
[White "Agababean, N."]
[Black "Peyrat, O."]
[Result "0-1"]
[WhiteElo "2189"]
[BlackElo "2272"]
[PlyCount "130"]
[SourceDate "2004.07.04"]

1. d4 f5 2. e4 fxe4 3. Nc3 Nf6 4. Bg5 Nc6 5. f3 d5 6. Bb5 e3 7. Bxe3 Bf5 8. g4
Bg6 9. h4 Qd7 10. h5 Bf7 11. a3 a6 12. Bxc6 Qxc6 13. Qd2 e6 14. Nge2 Nd7 15.
Bg5 Bd6 16. Na2 b6 17. O-O-O a5 18. h6 g6 19. f4 Qb7 20. Rde1 O-O 21. Bh4 Be8
22. Rhf1 Nf6 23. f5 Ne4 24. Qe3 Bf7 25. Nac3 Nxc3 26. Nxc3 Rae8 27. fxg6 Bxg6
28. Rxf8+ Bxf8 29. Bg3 c6 30. Be5 Qe7 31. g5 Qf7 32. Na4 Qf5 33. Qd2 Be7 34.
Rg1 Bd8 35. Kb1 c5 36. Rg2 cxd4 37. Bxd4 b5 38. Nc3 b4 39. Nd1 e5 40. Bc5 d4
41. axb4 axb4 42. Bxb4 Qd7 43. b3 Qd5 44. Ne3 Qxb3+ 45. Kc1 Qxe3 46. Qxe3 dxe3
47. Bc5 Kf7 48. Bxe3 Be7 49. Kb2 Rb8+ 50. Kc3 Rc8+ 51. Kb3 Ke6 52. c3 Bd3 53.
Rg3 Rb8+ 54. Ka2 Bb1+ 55. Ka1 Bg6 56. Ka2 Kd5 57. Rg4 e4 58. Bd4 Kc4 59. Rg3
Rb5 60. Bf6 Bc5 61. Rh3 e3 62. Rh4+ Kd3 63. Rh3 Kd2 64. c4 Rb7 65. Rg3 Bd3 0-1

[Event "Chip2004 Open Fide"]
[Site "?"]
[Date "????.??.??"]
[Round "2"]
[White "Templier, N."]
[Black "Shirazi, K."]
[Result "0-1"]
[WhiteElo "2274"]
[BlackElo "2394"]
[PlyCount "136"]
[SourceDate "2004.07.04"]

1. d4 Nf6 2. c4 d6 3. Nf3 Nbd7 4. g3 e5 5. Bg2 g6 6. Nc3 Bg7 7. O-O O-O 8. e4
Re8 9. h3 exd4 10. Nxd4 Nc5 11. Re1 Bd7 12. Rb1 h5 13. Bg5 Qc8 14. Kh2 Ne6 15.
Nxe6 Bxe6 16. Nd5 Nh7 17. Bf4 c6 18. Ne3 Rd8 19. Bxd6 h4 20. f4 hxg3+ 21. Kg1
Bxh3 22. e5 Nf8 23. Qf3 Bxg2 24. Kxg2 Ne6 25. Rh1 Nd4 26. Qe4 c5 27. Nd5 Rd7
28. Ne7+ Rxe7 29. Bxe7 b6 30. Bh4 Rb8 31. Bxg3 Qa6 32. Bf2 Ne6 33. Rh3 Rd8 34.
Ra3 Qc8 35. Rxa7 Nd4 36. Ra3 Bf8 37. Rh1 Ne6 38. Rah3 Bg7 39. Be3 Nd4 40. Bf2
Ne6 41. Ra3 Re8 42. Rd3 Nf8 43. Bh4 Ne6 44. Kf1 Nd4 45. Bf2 Ne6 46. b3 Nf8 47.
Qf3 Qf5 48. a4 Ne6 49. Rh4 Nd4 50. Bxd4 cxd4 51. Rxd4 Bxe5 52. Re4 Kg7 53. Kg2
Bf6 54. Rxe8 Bxh4 55. Re2 Bf6 56. Kf1 Bd4 57. Re4 Bf6 58. Ke2 Qd7 59. Qd3 Qg4+
60. Qf3 Qd7 61. f5 gxf5 62. Qg3+ Kh6 63. Re3 Bg5 64. Rd3 Qe7+ 65. Kd1 f6 66.
Rd5 Qe4 67. Qd3 Qh1+ 68. Kc2 Qc1# 0-1

[Event "Chip2004 Open Fide"]
[Site "?"]
[Date "????.??.??"]
[Round "2"]
[White "Dudognon, M."]
[Black "Golubev, M."]
[Result "0-1"]
[WhiteElo "2235"]
[BlackElo "2531"]
[PlyCount "116"]
[SourceDate "2004.07.04"]

1. e4 c5 2. Nf3 d6 3. d4 Nf6 4. Nc3 cxd4 5. Nxd4 g6 6. f3 Bg7 7. Be3 O-O 8. Qd2
Nc6 9. g4 Be6 10. O-O-O Nxd4 11. Bxd4 Qa5 12. a3 Rfc8 13. g5 Nh5 14. Bxg7 Kxg7
15. Nd5 Qxd2+ 16. Rxd2 Bxd5 17. Rxd5 Nf4 18. Rd2 Rc5 19. h4 Rh8 20. Rg1 h6 21.
gxh6+ Rxh6 22. Rg4 Nh5 23. Rg5 Rc7 24. e5 dxe5 25. Rxe5 Ng3 26. Be2 Rxh4 27.
Bd1 Rh1 28. c3 e6 29. Kc2 Kf6 30. Rb5 Re1 31. Rd4 Nf5 32. Rd3 e5 33. Kd2 Rh1
34. Bb3 Rh2+ 35. Kc1 Nd4 36. Rb4 b5 37. f4 Ne2+ 38. Kd1 Nxf4 39. Rd8 Ke7 40.
Rd2 Rxd2+ 41. Kxd2 a6 42. a4 Rd7+ 43. Kc2 Nd3 44. Rg4 Nc5 45. axb5 Nxb3 46.
Kxb3 axb5 47. Kb4 Rd5 48. Ka5 Ke6 49. Kb6 Kf5 50. Rg2 e4 51. Kc6 Re5 52. Rf2+
Ke6 53. b4 e3 54. Re2 Kf6 55. c4 bxc4 56. b5 c3 57. b6 c2 58. Rxc2 e2 0-1

[Event "Chip2004 Open Fide"]
[Site "?"]
[Date "????.??.??"]
[Round "2"]
[White "Douriet, A."]
[Black "de Pierrefeu, T."]
[Result "1/2-1/2"]
[WhiteElo "2277"]
[BlackElo "2198"]
[PlyCount "95"]
[SourceDate "2004.07.04"]

1. d4 Nf6 2. Bg5 c5 3. Bxf6 gxf6 4. d5 Qb6 5. Qc1 Bg7 6. g3 f5 7. c3 Na6 8. Na3
Nc7 9. Nc4 Qg6 10. Qd2 d6 11. a4 b6 12. Nh3 Bh6 13. Nf4 Bxf4 14. gxf4 Bb7 15.
Ne3 O-O-O 16. a5 b5 17. a6 Bxa6 18. h4 e6 19. b4 Qf6 20. Ra3 Rhe8 21. Bg2 c4
22. Qa2 Bb7 23. dxe6 Bxg2 24. Nxg2 fxe6 25. Rh3 Kd7 26. Rxa7 Ra8 27. Kf1 Rxa7
28. Qxa7 Ra8 29. Qb7 Ra1+ 30. Ne1 Rc1 31. Rg3 Rxc3 32. Rg8 Rc1 33. Rc8 Rxe1+
34. Kxe1 Qa1+ 35. Kd2 Qb2+ 36. Kd1 Qb1+ 37. Kd2 Qxb4+ 38. Kd1 Qb1+ 39. Kd2 Qb4+
40. Kd1 Qa5 41. Rf8 Qa1+ 42. Kd2 Qa2+ 43. Kc1 Qa3+ 44. Kc2 Qb3+ 45. Kc1 Qc3+
46. Kd1 Qb3+ 47. Ke1 Qc3+ 48. Kd1 1/2-1/2

[Event "Chip2004 Open Fide"]
[Site "?"]
[Date "????.??.??"]
[Round "2"]
[White "Guillon"]
[Black "Toulzac"]
[Result "0-1"]
[WhiteElo "2212"]
[BlackElo "2297"]
[PlyCount "112"]
[SourceDate "2004.07.04"]

1. e4 c5 2. Nc3 e6 3. Nf3 Nc6 4. d4 cxd4 5. Nxd4 Nf6 6. Ndb5 d6 7. Bf4 e5 8.
Bg5 a6 9. Bxf6 gxf6 10. Na3 b5 11. Nd5 f5 12. Bd3 Be6 13. Nxb5 axb5 14. Bxb5
Rc8 15. exf5 Qa5+ 16. c3 Qxb5 17. fxe6 fxe6 18. Qh5+ Kd8 19. Qh4+ Ne7 20. Ne3
Kd7 21. O-O-O Ng6 22. Qg4 Bh6 23. Qh3 Bg5 24. Qg3 Bf4 25. Qf3 Rb8 26. b3 Rhc8
27. Kb2 e4 28. Qxe4 Be5 29. Rd3 Rxc3 30. Rxc3 Qe2+ 31. Qc2 Bxc3+ 32. Kxc3 Rc8+
33. Nc4 Qxc2+ 34. Kxc2 d5 35. Rd1 Ke7 36. Rd4 Ne5 37. Rh4 dxc4 38. Rxh7+ Kd6
39. h4 c3 40. Rg7 Nd3 41. Rg4 Ne1+ 42. Kc1 Nd3+ 43. Kc2 Nxf2 44. Rf4 Nh1 45.
Rf3 Rg8 46. Kxc3 Rxg2 47. a4 Nf2 48. b4 Ne4+ 49. Kd4 Rg4 50. Ke3 Nc3 51. Rh3
Rxb4 52. h5 Nd5+ 53. Kd2 Rxa4 54. h6 Ra2+ 55. Ke1 Ra8 56. Kf2 Rf8+ 0-1

[Event "Chip2004 Open Fide"]
[Site "?"]
[Date "????.??.??"]
[Round "2"]
[White "Bitalzadeh, A."]
[Black "Guyard, B."]
[Result "1-0"]
[WhiteElo "2291"]
[BlackElo "2232"]
[PlyCount "105"]
[SourceDate "2004.07.04"]

1. e4 c5 2. Nf3 d6 3. d4 cxd4 4. Nxd4 Nf6 5. Nc3 g6 6. Be3 Bg7 7. f3 O-O 8. Bc4
Nc6 9. Qd2 Bd7 10. O-O-O Ne5 11. Bb3 Rc8 12. g4 Qa5 13. h4 Rc4 14. g5 Nh5 15.
f4 Rxd4 16. Qxd4 Ng4 17. Qd3 Bxc3 18. bxc3 Rc8 19. Rhe1 Rxc3 20. Qd2 Qa3+ 21.
Kb1 Rc6 22. Qd3 Qb4 23. a3 Qa5 24. Qd5 Qxd5 25. Bxd5 Ra6 26. Bc1 e6 27. Bb3 Rb6
28. Rd3 Kf8 29. Ka2 e5 30. f5 gxf5 31. exf5 Bxf5 32. Rf3 Bg6 33. Ref1 Nf4 34.
Bxf4 exf4 35. Rxf4 Ne5 36. Ra4 Nc6 37. c3 Rb5 38. Raf4 Ne5 39. Rb4 Rc5 40. Rxb7
Rxc3 41. a4 a5 42. Ra7 Rc5 43. Rf6 d5 44. Rd6 Be4 45. h5 Nc6 46. Rb7 Rc3 47. h6
Nb4+ 48. Kb2 Rc8 49. Rdd7 Bg6 50. Ka3 Re8 51. Rbc7 Na6 52. Ra7 Nc5 53. Rxd5 1-0

[Event "Chip2004 Open Fide"]
[Site "?"]
[Date "????.??.??"]
[Round "2"]
[White "Calistri, T."]
[Black "Vuckovic, B."]
[Result "0-1"]
[WhiteElo "2332"]
[BlackElo "2533"]
[PlyCount "116"]
[SourceDate "2004.07.04"]

1. e4 c5 2. Nf3 d6 3. d4 cxd4 4. Nxd4 Nf6 5. Nc3 Nc6 6. Bg5 e6 7. Qd2 a6 8.
O-O-O Qb6 9. f3 Qxd4 10. Qxd4 Nxd4 11. Rxd4 Be7 12. Na4 Nd7 13. Bxe7 Kxe7 14.
c4 Ne5 15. Nb6 Rb8 16. Be2 Rd8 17. Rhd1 Nc6 18. R4d2 e5 19. Nd5+ Kf8 20. Ne3
Ke7 21. Nd5+ Kf8 22. Ne3 Nd4 23. Nc2 Nxe2+ 24. Rxe2 Be6 25. b3 Rbc8 26. Red2
Ke7 27. Kb2 g6 28. Ne3 Rc6 29. Nd5+ Bxd5 30. Rxd5 Rdc8 31. a4 Ke6 32. g4 h5 33.
gxh5 gxh5 34. Rg1 Rh8 35. h4 Rcc8 36. Rg5 Rcg8 37. c5 Rxg5 38. Rxd6+ Ke7 39.
hxg5 h4 40. b4 h3 41. Rd1 Kf8 42. b5 axb5 43. axb5 Kg7 44. c6 bxc6 45. bxc6 Kg6
46. c7 Rc8 47. Rh1 Rxc7 48. Rxh3 Kxg5 49. Kb3 f6 50. Kb2 Kf4 51. Kb3 Ke3 52.
Kb2 Kf2 53. Kb3 Kg2 54. Rh5 Kxf3 55. Rf5+ Kxe4 56. Rxf6 Ke3 57. Rh6 e4 58. Rh3+
Kd2 0-1

[Event "Chip2004 Open Fide"]
[Site "?"]
[Date "????.??.??"]
[Round "2"]
[White "Abergel, T."]
[Black "Rey, F."]
[Result "1-0"]
[WhiteElo "2442"]
[BlackElo "2202"]
[PlyCount "89"]
[SourceDate "2004.07.04"]

1. e4 c5 2. Nc3 g6 3. d4 cxd4 4. Qxd4 Nf6 5. e5 Nc6 6. Qf4 Nh5 7. Qe4 Qa5 8.
Nf3 f5 9. Qd5 Qb6 10. Bc4 e6 11. Qd3 Bg7 12. Be3 Qa5 13. O-O Nxe5 14. Nxe5 Bxe5
15. f4 Bxc3 16. bxc3 O-O 17. Rf3 d5 18. Bb3 Bd7 19. Bd4 Nf6 20. Rh3 Qc7 21. Qg3
Bb5 22. Re1 Ne4 23. Qh4 Rf7 24. Qh6 Rd7 25. Ree3 Qd8 26. g4 Qf8 27. g5 Qxh6 28.
Rxh6 b6 29. h4 Rc7 30. h5 Be8 31. Rh3 Rac8 32. Ba4 Nxc3 33. Bxc3 Bxa4 34. Be5
Rxc2 35. hxg6 Rc1+ 36. Kf2 R8c2+ 37. Kg3 Rg1+ 38. Kh4 hxg6 39. Rxg6+ Kf8 40.
Kh5 Be8 41. Bd6+ Kf7 42. Kh6 Bb5 43. Rg7+ Ke8 44. Re7+ Kd8 45. Kg7 1-0

[Event "Chip2004 Open Fide"]
[Site "?"]
[Date "????.??.??"]
[Round "2"]
[White "Kengis, E."]
[Black "Martsynovskaya, M."]
[Result "1-0"]
[WhiteElo "2562"]
[BlackElo "2235"]
[PlyCount "83"]
[SourceDate "2004.07.04"]

1. Nf3 Nf6 2. g3 b6 3. Bg2 Bb7 4. c4 c5 5. O-O e6 6. Nc3 Be7 7. Re1 d5 8. cxd5
exd5 9. d4 O-O 10. Bf4 Ne4 11. dxc5 Bxc5 12. e3 Nxc3 13. bxc3 Nd7 14. Nh4 Nf6
15. Nf5 Re8 16. Bg5 h6 17. Bh4 Bf8 18. g4 Rc8 19. Rc1 g6 20. Nd4 Bg7 21. c4 Qd7
22. Bxf6 Bxf6 23. Nb3 Red8 24. c5 Qa4 25. Rc2 Be7 26. cxb6 axb6 27. h3 Bb4 28.
Rxc8 Rxc8 29. Re2 Qc6 30. Rb2 Qf6 31. Nd4 Bd6 32. Rc2 Qe5 33. Rxc8+ Bxc8 34.
Qa4 Kg7 35. Qa8 Be6 36. Qb7 Kf6 37. Qxb6 h5 38. Kf1 hxg4 39. hxg4 Bxg4 40. f4
Qe7 41. Nb5 Qe6 42. Qxd6 1-0

[Event "Chip2004 Open Fide"]
[Site "?"]
[Date "????.??.??"]
[Round "2"]
[White "Hinks-Edwards, T."]
[Black "Landa, K."]
[Result "0-1"]
[WhiteElo "2366"]
[BlackElo "2550"]
[PlyCount "82"]
[SourceDate "2004.07.04"]

1. e4 c5 2. Nf3 e6 3. d4 cxd4 4. Nxd4 a6 5. Bd3 Bc5 6. Nb3 Ba7 7. Qe2 Ne7 8.
Be3 O-O 9. Nc3 d6 10. O-O-O b5 11. Bxa7 Rxa7 12. Qe3 Rb7 13. f4 b4 14. Ne2 a5
15. Kb1 a4 16. Nbd4 Qa5 17. h4 a3 18. b3 Qc5 19. e5 dxe5 20. fxe5 Nd7 21. Qe4
f5 22. exf6 Nxf6 23. Qe3 Ned5 24. Qd2 e5 25. Nf3 Re7 26. Bc4 Bb7 27. Ng5 Kh8
28. Bxd5 Bxd5 29. c3 Bxg2 30. cxb4 Qf2 31. Rhg1 Rd7 32. Qc2 Rxd1+ 33. Qxd1 h6
34. Ne6 Rc8 35. Nc5 Ne4 36. Qe1 Qf3 37. Nxe4 Qxe4+ 38. Ka1 Bf3 39. Qg3 Rc7 40.
Nc3 Qe3 41. Nd5 Qd4+ 0-1

[Event "Chip2004 Open Fide"]
[Site "?"]
[Date "????.??.??"]
[Round "2"]
[White "Mendeiros, J."]
[Black "Salaun, Y."]
[Result "1-0"]
[WhiteElo "2227"]
[BlackElo "2336"]
[PlyCount "105"]
[SourceDate "2004.07.04"]

1. e4 c5 2. Nf3 e6 3. d4 cxd4 4. Nxd4 Nc6 5. Nc3 a6 6. Be2 d6 7. O-O Nf6 8. Be3
Be7 9. f4 Qc7 10. a3 O-O 11. Qe1 Rd8 12. Qg3 d5 13. e5 Ne4 14. Nxe4 dxe4 15.
Nxc6 Qxc6 16. c4 a5 17. b3 b6 18. Qf2 Rb8 19. b4 axb4 20. axb4 Bxb4 21. Rfb1
Be7 22. Bf1 Rd7 23. Rxb6 Rxb6 24. Bxb6 Rb7 25. Be3 Rb3 26. Kh1 Bb7 27. Qd2 h5
28. Qd4 h4 29. h3 g6 30. Rc1 Kg7 31. Kh2 Qc7 32. Kh1 Bc6 33. Ra1 Bb7 34. Rc1
Ba3 35. Rd1 Bc6 36. Kh2 Qb7 37. Bf2 Be7 38. Qa7 Qxa7 39. Bxa7 g5 40. fxg5 Kg6
41. Bd4 Bxg5 42. Be2 Bf4+ 43. Kh1 Rg3 44. Rf1 Kg5 45. Bf2 Rxh3+ 46. gxh3 e3+
47. Kg1 exf2+ 48. Kxf2 Bxe5 49. Bf3 Ba4 50. Rc1 Bd4+ 51. Kg2 Bc5 52. Ra1 Bc2
53. Ra5 1-0

[Event "Chip2004 Open Fide"]
[Site "?"]
[Date "????.??.??"]
[Round "2"]
[White "Apicella, M."]
[Black "Goldsztejn, G."]
[Result "1-0"]
[WhiteElo "2532"]
[BlackElo "2303"]
[PlyCount "79"]
[SourceDate "2004.07.04"]

1. e4 c5 2. Nf3 Nc6 3. d4 cxd4 4. Nxd4 Qc7 5. Nc3 e6 6. Be2 a6 7. O-O Nf6 8.
Be3 Bb4 9. Na4 Be7 10. Nxc6 bxc6 11. Nb6 Rb8 12. Nxc8 Qxc8 13. e5 Nd5 14. Bc1
Bc5 15. c4 Ne7 16. b3 O-O 17. Bd3 Nf5 18. Bxf5 exf5 19. Qd3 g6 20. Bb2 Re8 21.
Rad1 Rb7 22. Kh1 Re6 23. h3 Qd8 24. f4 h5 25. g3 Qa5 26. a3 Qb6 27. b4 Bf8 28.
c5 Qb5 29. Bc3 Bh6 30. Kg2 Qxd3 31. Rxd3 Kf8 32. Kf3 Bg7 33. g4 hxg4+ 34. hxg4
fxg4+ 35. Kxg4 f6 36. f5 gxf5+ 37. Rxf5 Ke7 38. Rdf3 Kf7 39. exf6 Bh6 40. Rh5
1-0

[Event "Chip2004 Open Fide"]
[Site "?"]
[Date "????.??.??"]
[Round "2"]
[White "Socko, B."]
[Black "Chomet, P."]
[Result "1-0"]
[WhiteElo "2558"]
[BlackElo "2370"]
[PlyCount "65"]
[SourceDate "2004.07.04"]

1. d4 d5 2. c4 c6 3. Nf3 Nf6 4. e3 e6 5. Nc3 Nbd7 6. Qc2 Bb4 7. a3 Bxc3+ 8.
Qxc3 O-O 9. Bd3 Ne4 10. Qc2 f5 11. O-O Qe8 12. Ne1 Ndf6 13. b3 Bd7 14. a4 Qd8
15. Ba3 Re8 16. Nf3 a5 17. Ne5 Rc8 18. Kh1 b5 19. axb5 cxb5 20. f3 b4 21. fxe4
dxe4 22. Be2 bxa3 23. Rxa3 Qb6 24. Rfa1 Ra8 25. c5 Qc7 26. c6 Reb8 27. Qc5 Bc8
28. Rxa5 Rxa5 29. Qxa5 Qxa5 30. Rxa5 Rxb3 31. h4 Rb8 32. c7 Ng4 33. cxb8=Q 1-0

[Event "Chip2004 Open Fide"]
[Site "?"]
[Date "????.??.??"]
[Round "2"]
[White "Renaudin, M."]
[Black "Sandipan, C."]
[Result "0-1"]
[WhiteElo "2205"]
[BlackElo "2550"]
[PlyCount "52"]
[SourceDate "2004.07.04"]

1. Nf3 Nf6 2. c4 g6 3. Nc3 Bg7 4. e4 d6 5. d4 O-O 6. Be2 e5 7. Be3 Ng4 8. Bg5
f6 9. Bc1 exd4 10. Nxd4 f5 11. Bxg4 fxg4 12. Be3 Nc6 13. Nxc6 bxc6 14. Qd2 Be6
15. b3 Qh4 16. O-O-O a5 17. Qc2 c5 18. a4 Bd4 19. Rxd4 cxd4 20. Bxd4 c6 21. Qd2
Rab8 22. Kc2 Rb7 23. g3 Qe7 24. Re1 Rfb8 25. Nd5 cxd5 26. exd5 Bf5+ 0-1

[Event "Chip2004 Open Fide"]
[Site "?"]
[Date "????.??.??"]
[Round "3"]
[White "Golubev, M."]
[Black "Peyrat, O."]
[Result "1/2-1/2"]
[WhiteElo "2531"]
[BlackElo "2272"]
[PlyCount "160"]
[SourceDate "2004.07.04"]

1. e4 c6 2. d4 d5 3. Nc3 dxe4 4. Nxe4 Bf5 5. Ng3 Bg6 6. h4 h6 7. Nf3 Nd7 8. h5
Bh7 9. Bd3 Bxd3 10. Qxd3 Ngf6 11. Bf4 Qa5+ 12. Bd2 Qc7 13. O-O-O O-O-O 14. Ne4
e6 15. g3 Nxe4 16. Qxe4 Bd6 17. c4 c5 18. d5 Rhe8 19. Rhe1 Nf6 20. Qc2 exd5 21.
cxd5 Qd7 22. Rxe8 Rxe8 23. Bc3 Ne4 24. Bxg7 Qg4 25. Qa4 Rg8 26. Nd2 Nxf2 27.
Qxg4+ Nxg4 28. Ne4 Kc7 29. Bc3 f5 30. Ba5+ b6 31. Nxd6 Kxd6 32. Bd2 Kd7 33. Bf4
Re8 34. Rd3 Re4 35. Bb8 Ra4 36. Rf3 Kc8 37. Bf4 Rd4 38. d6 Kd7 39. Ra3 a5 40.
Rb3 Rb4 41. Rf3 Rd4 42. Rb3 Kc6 43. Rf3 Kd7 44. Rf1 Nf6 45. Be5 Rc4+ 46. Kd1
Ke6 47. Bf4 Nxh5 48. Re1+ Re4 49. Rh1 Nxf4 50. Rxh6+ Kd7 51. gxf4 Rxf4 52. Rf6
Rf2 53. Kc1 b5 54. a3 Kc6 55. Kb1 c4 56. d7+ Kxd7 57. Rb6 Re2 58. Rxb5 Ke6 59.
Rc5 Re4 60. Rxa5 f4 61. Ra8 Ke5 62. Rf8 Kd4 63. a4 Ke3 64. Kc2 Ke2 65. a5 f3
66. a6 Re7 67. Kc3 Rc7 68. Re8+ Kf1 69. Rf8 f2 70. a7 Rxa7 71. Kxc4 Rc7+ 72.
Kd4 Rb7 73. Kc3 Rc7+ 74. Kd4 Rb7 75. Kc3 Rg7 76. Kd4 Ke2 77. b4 Rg3 78. Re8+
Kd2 79. Rf8 Rg4+ 80. Kc5 Ke2 1/2-1/2

[Event "Chip2004 Open Fide"]
[Site "?"]
[Date "????.??.??"]
[Round "3"]
[White "Martsynovskaya, M."]
[Black "Agababean, N."]
[Result "1/2-1/2"]
[WhiteElo "2235"]
[BlackElo "2189"]
[PlyCount "26"]
[SourceDate "2004.07.04"]

1. e4 d6 2. Nc3 Nf6 3. Nf3 c6 4. d4 Qc7 5. h3 e5 6. dxe5 dxe5 7. Bc4 Be7 8. a4
b6 9. Qe2 Nbd7 10. O-O O-O 11. Bg5 h6 12. Bh4 Bb7 13. Rfd1 a6 1/2-1/2

[Event "Chip2004 Open Fide"]
[Site "?"]
[Date "????.??.??"]
[Round "3"]
[White "Shirazi, K."]
[Black "Kazhgaleyev, M."]
[Result "1/2-1/2"]
[WhiteElo "2394"]
[BlackElo "2598"]
[PlyCount "121"]
[SourceDate "2004.07.04"]

1. e4 e5 2. Nf3 Nc6 3. Bb5 a6 4. Ba4 Nf6 5. d3 b5 6. Bb3 Bc5 7. Nc3 h6 8. Nxe5
Nxe5 9. d4 Bxd4 10. Qxd4 d6 11. f4 Nc6 12. Qd3 O-O 13. O-O Bb7 14. Bd2 Nb4 15.
Qg3 c5 16. f5 Kh7 17. a3 Nc6 18. Rad1 Nd4 19. Rfe1 a5 20. Be3 b4 21. axb4 axb4
22. Bxd4 cxd4 23. Nb5 Nxe4 24. Rxe4 Bxe4 25. Nxd6 Bd5 26. Bxd5 Ra6 27. Nb5 Qxd5
28. Nc7 Qc4 29. Nxa6 Qxa6 30. Qd3 Qf6 31. Qxd4 Qxf5 32. Qd3 Qg6 33. Qxg6+ Kxg6
34. Kf2 Rc8 35. Rd2 f5 36. b3 Kf6 37. Ke2 Ke5 38. Kd1 Rc5 39. Kc1 g5 40. Re2+
Kd5 41. Re8 Rc6 42. Kd2 f4 43. Kd3 Rc3+ 44. Kd2 Rc6 45. Rf8 Rd6 46. Rc8 g4 47.
Rc4 Ke5+ 48. Ke2 Rd4 49. Rc6 h5 50. Rh6 h4 51. Rh5+ Kf6 52. Rxh4 f3+ 53. Ke1
fxg2 54. Kf2 Kg5 55. Rh8 Rd2+ 56. Kg1 Rxc2 57. Rb8 Kh4 58. Rxb4 Kh3 59. Rc4 Rb2
60. Rc3+ Kh4 61. Rc1 1/2-1/2

[Event "Chip2004 Open Fide"]
[Site "?"]
[Date "????.??.??"]
[Round "3"]
[White "Sanchez, J."]
[Black "Tregubov, P."]
[Result "0-1"]
[WhiteElo "2453"]
[BlackElo "2636"]
[PlyCount "114"]
[SourceDate "2004.07.04"]

1. e4 c5 2. Nf3 Nc6 3. d4 cxd4 4. Nxd4 e5 5. Nb5 d6 6. N1c3 a6 7. Na3 b5 8. Nd5
Nf6 9. Bg5 Be7 10. Bxf6 Bxf6 11. c3 O-O 12. Nc2 Bg5 13. a4 bxa4 14. Rxa4 a5 15.
Bc4 Rb8 16. b3 Kh8 17. h4 Bh6 18. Nce3 Bxe3 19. Nxe3 Ne7 20. O-O f5 21. exf5
Bxf5 22. Qa1 Be4 23. g3 d5 24. Be2 Nc6 25. Rxe4 dxe4 26. Bc4 Qd2 27. Qe1 Rfd8
28. Qxd2 Rxd2 29. Bd5 Rxd5 30. Nxd5 Rxb3 31. Re1 Rb5 32. c4 Rb3 33. Rxe4 Kg8
34. Kg2 Kf7 35. f4 exf4 36. Nxf4 a4 37. c5 a3 38. Ra4 Rb2+ 39. Kf3 a2 40. Nd3
Rc2 41. Ke3 Ke6 42. g4 Kd5 43. h5 h6 44. Kf3 Rc3 45. Ke2 Nd4+ 46. Kd2 Rxd3+ 47.
Kxd3 Nb3 48. Ke3 a1=Q 49. Rxa1 Nxa1 50. Kf4 Nc2 51. g5 Nd4 52. gxh6 gxh6 53. c6
Nxc6 54. Kf5 Ne5 55. Kf6 Ke4 56. Kg7 Ng4 57. Kg6 Kf4 0-1

[Event "Chip2004 Open Fide"]
[Site "?"]
[Date "????.??.??"]
[Round "3"]
[White "Spoelmann, W."]
[Black "Romanishin, O."]
[Result "1/2-1/2"]
[WhiteElo "2277"]
[BlackElo "2541"]
[PlyCount "116"]
[SourceDate "2004.07.04"]

1. e4 e5 2. Nf3 Nc6 3. Bb5 a6 4. Ba4 Nf6 5. O-O Be7 6. Re1 d6 7. Bxc6+ bxc6 8.
d4 exd4 9. Nxd4 Bd7 10. Nc3 O-O 11. h3 Re8 12. Qf3 Rb8 13. b3 h6 14. Bb2 Nh7
15. Qd3 Qc8 16. Rad1 Nf8 17. f4 Ng6 18. Bc1 Bf6 19. Nf3 a5 20. f5 Ne5 21. Nxe5
Bxe5 22. Rf1 Rb4 23. f6 Rd4 24. Qe3 Rxd1 25. Nxd1 Qb8 26. fxg7 Qb6 27. Qxb6
cxb6 28. Bxh6 Bd4+ 29. Be3 Rxe4 30. Bxd4 Rxd4 31. Ne3 d5 32. Nf5 Bxf5 33. Rxf5
Kxg7 34. Rf2 Kg6 35. Re2 a4 36. c3 Rd1+ 37. Kf2 Rc1 38. bxa4 Rxc3 39. Rb2 Kf5
40. Rxb6 Ke4 41. a5 d4 42. a6 c5 43. a4 Ra3 44. h4 Ra2+ 45. Kg3 d3 46. h5 d2
47. Rd6 Ra3+ 48. Kf2 Rxa4 49. Rxd2 Rxa6 50. Rc2 Kd4 51. Rd2+ Kc3 52. Rd7 Rf6+
53. Kg3 c4 54. Kg4 Kb2 55. Rb7+ Kc2 56. Rc7 Kb3 57. Rb7+ Ka2 58. Rc7 Kb3
1/2-1/2

[Event "Chip2004 Open Fide"]
[Site "?"]
[Date "????.??.??"]
[Round "3"]
[White "Salaun, Y."]
[Black "Guillon, C."]
[Result "1-0"]
[WhiteElo "2336"]
[BlackElo "2212"]
[PlyCount "85"]
[SourceDate "2004.07.04"]

1. d4 f5 2. Nc3 Nf6 3. Nf3 g6 4. Bf4 Bg7 5. e3 d6 6. Bd3 O-O 7. O-O Kh8 8. Ne2
Nc6 9. c4 e6 10. Nc3 Qe7 11. d5 exd5 12. cxd5 Ne5 13. Rc1 a6 14. Be2 Nxf3+ 15.
Bxf3 h6 16. Qc2 g5 17. Bg3 Nd7 18. Ne2 Ne5 19. Bh5 c5 20. dxc6 bxc6 21. Rfd1
Bd7 22. h3 d5 23. b3 a5 24. a4 Qa3 25. Qc5 Qxc5 26. Rxc5 Rfb8 27. Nd4 Rb4 28.
Bxe5 Bxe5 29. Nxc6 Bxc6 30. Rxc6 Bg7 31. Rxd5 Rf8 32. Rxa5 Rxb3 33. Rb5 Ra3 34.
a5 Ra1+ 35. Kh2 Ra2 36. f4 Ra4 37. Kg3 Ra3 38. Re6 gxf4+ 39. Kxf4 Ra4+ 40. Kg3
f4+ 41. exf4 Raxf4 42. a6 Ra4 43. Rb7 1-0

[Event "Chip2004 Open Fide"]
[Site "?"]
[Date "????.??.??"]
[Round "3"]
[White "Toulzac"]
[Black "Ferry, R."]
[Result "1-0"]
[WhiteElo "2297"]
[BlackElo "2185"]
[PlyCount "91"]
[SourceDate "2004.07.04"]

1. c4 c6 2. e4 e6 3. Nc3 d5 4. d4 dxe4 5. Nxe4 Nd7 6. Nf3 Ngf6 7. Bd3 Nxe4 8.
Bxe4 Nf6 9. Bc2 Be7 10. O-O O-O 11. Qe2 b6 12. Bd2 Bb7 13. Bc3 Qc7 14. Rfe1
Rfe8 15. Rad1 Rad8 16. b4 b5 17. c5 Nd5 18. Qd3 g6 19. Bd2 Bf6 20. Ne5 Bxe5 21.
Rxe5 f6 22. Ree1 e5 23. dxe5 Rxe5 24. Bb3 Kg7 25. Rxe5 Qxe5 26. Re1 Qc7 27. Qh3
h5 28. Bxd5 Rxd5 29. Qe3 g5 30. Bc3 Qd7 31. h4 Kg6 32. Qe4+ Rf5 33. hxg5 fxg5
34. Qc2 Kh6 35. Be5 Bc8 36. Bd6 Rf7 37. Qb2 Kh7 38. Re5 Qd8 39. Qe2 Bg4 40.
Qe4+ Kh6 41. Qxc6 Qf6 42. f3 Bd7 43. Qd5 Qg6 44. Rxg5 Qxg5 45. Qxf7 Qc1+ 46.
Kh2 1-0

[Event "Chip2004 Open Fide"]
[Site "?"]
[Date "????.??.??"]
[Round "3"]
[White "Chomet, P."]
[Black "Lamorelle, Y."]
[Result "1/2-1/2"]
[WhiteElo "2370"]
[BlackElo "2255"]
[PlyCount "62"]
[SourceDate "2004.07.04"]

1. e4 e5 2. Nf3 Nc6 3. Bb5 a6 4. Ba4 Nf6 5. O-O Be7 6. Re1 b5 7. Bb3 d6 8. c3
O-O 9. h3 Nd7 10. d4 Bf6 11. Be3 Na5 12. Bc2 Nc4 13. Bc1 Bb7 14. Nbd2 Nxd2 15.
Qxd2 Re8 16. Qd3 Nf8 17. a4 Rb8 18. axb5 axb5 19. dxe5 dxe5 20. Nh2 h6 21. Ng4
Bg5 22. Qxd8 Bxd8 23. Rd1 Ng6 24. Ra7 Be7 25. Be3 Bd6 26. f3 Bc6 27. Bb3 Ne7
28. Ra6 Kf8 29. h4 Ra8 30. Rxa8 Rxa8 31. h5 Be8 1/2-1/2

[Event "Chip2004 Open Fide"]
[Site "?"]
[Date "????.??.??"]
[Round "3"]
[White "Houhou, O."]
[Black "Ionescu, D."]
[Result "0-1"]
[WhiteElo "2259"]
[BlackElo "2395"]
[PlyCount "56"]
[SourceDate "2004.07.04"]

1. e4 e6 2. d4 d5 3. Nc3 Bb4 4. e5 c5 5. Bd2 Ne7 6. f4 Nf5 7. Nf3 Nc6 8. dxc5
Bxc5 9. Bd3 a6 10. Qe2 b5 11. Rd1 g6 12. Bxf5 gxf5 13. Be3 Be7 14. Qf2 Qa5 15.
O-O Bb7 16. a3 d4 17. Nxd4 Nxd4 18. Bxd4 Rg8 19. g3 Qc7 20. Rfe1 h5 21. Kf1 h4
22. Ke2 O-O-O 23. Rg1 hxg3 24. Rxg3 Qc4+ 25. Ke1 Bh4 26. Ne2 Bxg3 27. hxg3 Rh8
28. b3 Qxc2 0-1

[Event "Chip2004 Open Fide"]
[Site "?"]
[Date "????.??.??"]
[Round "3"]
[White "Bellaiche, A."]
[Black "Pile, R."]
[Result "0-1"]
[WhiteElo "2495"]
[BlackElo "2268"]
[PlyCount "120"]
[SourceDate "2004.07.04"]

1. e4 c5 2. Nf3 e6 3. d4 cxd4 4. Nxd4 Nc6 5. Nc3 Qc7 6. Be3 Nf6 7. Be2 a6 8.
O-O Bb4 9. Na4 Be7 10. Nxc6 bxc6 11. Nb6 Rb8 12. Nxc8 Qxc8 13. Bd4 c5 14. Be5
Rb6 15. Qd3 O-O 16. b3 d6 17. Bc3 d5 18. exd5 Nxd5 19. Be5 Rd8 20. Qg3 Bf6 21.
f4 Bxe5 22. fxe5 Qc7 23. Rf3 Nb4 24. Raf1 Rf8 25. Bc4 Rbb8 26. c3 Nd5 27. Bxa6
Ra8 28. Bd3 h6 29. c4 Nb4 30. Be4 Rad8 31. Rf6 Rd4 32. Bb1 Rfd8 33. Rxh6 Rd1
34. Rhf6 Nc6 35. Bc2 Rxf1+ 36. Rxf1 Rd2 37. Be4 Nxe5 38. a4 Qd6 39. Re1 Rd1 40.
Bc2 Nf3+ 41. gxf3 Qxg3+ 42. hxg3 Rxe1+ 43. Kf2 Rc1 44. Be4 Rc3 45. a5 Rxb3 46.
a6 Ra3 47. Bb7 Kf8 48. Ke2 Ke7 49. Kd2 e5 50. Kc2 f5 51. Kb2 Ra5 52. Kc2 Kf6
53. Kd2 Ra3 54. Ke2 g5 55. g4 e4 56. fxe4 fxg4 57. Bc8 g3 58. Kf1 Ra2 59. Bb7
Ke5 60. Kg1 Kf4 0-1